Zwycięzcy UEFA Champions League (Liga Mistrzów) - Statystyki

Ogólne statystyki
  • Ten quiz został rozwiązany 5 149 razy
    4 328 od ostatniego zresetowania
  • Średni wynik to 15 z 23
Statystyki odpowiedzi
Liczba wygranych Klub Kraj Ostatnie zwycięstwo % Poprawnych
15 Real Madryt Hiszpania 2024
99%
5 FC Barcelona Hiszpania 2015
98%
7 AC Milan Włochy 2007
92%
3 Manchester United Anglia 2008
91%
6 Bayern Monachium Niemcy 2020
90%
6 Liverpool Anglia 2019
89%
3 Inter Mediolan Włochy 2010
87%
1 Manchester City Anglia 2023
84%
2 Juventus Włochy 1996
82%
2 Chelsea Anglia 2021
80%
4 Ajax Amsterdam Holandia 1995
77%
2 FC Porto Portugalia 2004
74%
1 Borussia Dortmund Niemcy 1997
71%
2 Benfica Portugalia 1962
61%
2 Nottingham Forest Anglia 1980
50%
1 Celtic Szkocja 1967
47%
1 PSV Holandia 1988
45%
1 Aston Villa Anglia 1982
36%
1 Crvena Zvezda Serbia 1991
31%
1 Feyenoord Holandia 1970
30%
1 Hamburger SV Niemcy 1983
25%
1 Steaua Bukareszt Rumunia 1986
23%
1 Olympique Marsylia Francja 1993
22%
Nie znaleziono quizów pasujących do podanych kryteriów
Rozkład punktacji
Procent ludzi z każdym wynikiem
Percentyl według liczby udzielonych odpowiedzi
Twoja historia wyników
Nie rozwiązałeś tego quizu od ostatniego zresetowania